Online
Catalog

La dirección del desarrollo humano / (Record no. 5129)

MARC details
000 -CABECERA
campo de control de longitud fija 00679nam a2200217 a 4500
001 - NÚMERO DE CONTROL
campo de control 000005328
005 - FECHA Y HORA DE LA ÚLTIMA TRANSACCIÓN
campo de control 20240514195118.0
008 - DATOS DE LONGITUD FIJA--INFORMACIÓN GENERAL
campo de control de longitud fija 090819s1969 es 001 0 spa d
040 ## - FUENTE DE LA CATALOGACIÓN
Centro catalogador/agencia de origen DO-SdBNP
Lengua de catalogación spa
Centro/agencia transcriptor BNPHU
082 ## - NÚMERO DE LA CLASIFICACIÓN DECIMAL DEWEY
Número de clasificación 571.8
Número de documento/Ítem M758d
049 ## - FONDOS LOCALES (OCLC)
Fondos de biblioteca BNPD
100 1# - ENTRADA PRINCIPAL--NOMBRE DE PERSONA
Nombre de persona Montagu, Ashley
9 (RLIN) 15116
245 13 - MENCIÓN DE TÍTULO
Título La dirección del desarrollo humano /
Mención de responsabilidad, etc. Ashley Montagu ; traducción María Dolores López Martínez.
250 ## - MENCIÓN DE EDICIÓN
Mención de edición 2a ed
260 ## - PUBLICACIÓN, DISTRIBUCIÓN, ETC.
Lugar de publicación, distribución, etc. Madrid, España :
Nombre del editor, distribuidor, etc. Tecnos,
Fecha de publicación, distribución, etc. 1969.
300 ## - DESCRIPCIÓN FÍSICA
Extensión 355 p. ;
Dimensiones 24 cm.
650 #4 - PUNTO DE ACCESO ADICIONAL DE MATERIA--TÉRMINO DE MATERIA
Término de materia o nombre geográfico como elemento de entrada Desarrollo humano
9 (RLIN) 213
650 #0 - PUNTO DE ACCESO ADICIONAL DE MATERIA--TÉRMINO DE MATERIA
Término de materia o nombre geográfico como elemento de entrada Calidad de vida
9 (RLIN) 85379
650 #4 - PUNTO DE ACCESO ADICIONAL DE MATERIA--TÉRMINO DE MATERIA
Término de materia o nombre geográfico como elemento de entrada Evolución
9 (RLIN) 7386
700 1# - PUNTO DE ACCESO ADICIONAL--NOMBRE DE PERSONA
Nombre de persona López Martínez, María Dolores,
Término indicativo de función/relación tr.
9 (RLIN) 15117
Holdings
Estado de retiro Estado de pérdida Restricciones de uso No para préstamo Código de colección Localización permanente Ubicación/localización actual Ubicación en estantería Fecha de adquisición Número de inventario Total de préstamos Signatura topográfica completa Código de barras Fecha visto por última vez Precio válido a partir de Tipo de ítem Koha
        Monografías: Libros y Folletos General General Depósito 19.08.2009 LF1   571.8 M758d 5328-10 25.06.2020 25.06.2020 Préstamo en sala

Powered by Koha